| 000 | 00801cam a22002535a 4500 | ||
|---|---|---|---|
| 001 | 016946043 | ||
| 003 | OSt | ||
| 005 | 20160214104855.0 | ||
| 008 | 141028t2015 moua frb 001 0 eng d | ||
| 020 | _a9780323091763 (hbk.) | ||
| 040 |
_aStDuBDS _beng _cStDuBDS _dUk _dEG-ScBUE |
||
| 082 | 0 | 4 |
_a617.6 _222 _bASC |
| 100 | 1 |
_aAschheim, Kenneth W. _939318 |
|
| 245 | 1 | 0 |
_aEsthetic dentistry : _ba clinical approach to techniques and materials / _cKenneth W. Aschheim. |
| 250 | _a3rd ed. | ||
| 260 |
_aMissouri : _bElsevier / Mosby, _cc.2015. |
||
| 300 |
_axii, 587 p. : _bill. ; _c28 cm. |
||
| 500 | _aIndex : p. 573-587. | ||
| 504 | _aIncludes bibliographical references. | ||
| 650 | 7 |
_aDentistry _xAesthetic aspects. _2BUEsh _932104 |
|
| 651 | _2BUEsh | ||
| 653 |
_bDDent _cFebruary2016 |
||
| 942 | _2ddc | ||
| 999 |
_c21132 _d21104 |
||